| 000 | 00672nam a2200229 i 4500 | ||
|---|---|---|---|
| 001 | 14360 | ||
| 003 | ES-MaACL | ||
| 005 | 20250812031811.0 | ||
| 007 | t| | ||
| 008 | 990225s1997 sp a |||| | spa d | ||
| 020 | _a84-7490-448-X | ||
| 080 | _a7.04 | ||
| 080 | _a7.033 | ||
| 100 | 1 |
_aPérez Higuera, Teresa. _990943 |
|
| 245 | 1 | 0 |
_aCalendarios medievales _b: la representación del tiempo en otros tiempos / _cTeresa Pérez Higuera. |
| 260 |
_aMadrid : _bEncuentro, _c[1997] |
||
| 300 |
_a267 p. : _bil. ; _c33 cm. |
||
| 650 | 4 |
_aTiempo- _xEn el arte. _9170117 |
|
| 650 | 1 | 7 |
_aArte medieval _2embne _9135618 |
| 852 |
_aES-MaACL _jL-21706 |
||
| 999 |
_c14360 _d14360 |
||